000 00520nmm a2200181Ia 4500
008 251105s9999||||xx |||||||||||||||||und||
020 _a9788413406558
041 _aspa
100 _aBuñuel, Luis
245 0 _aEl perro andaluz / Un perro andaluz
264 _a[Madrid, España] :
_bPrensas Universitarias de Zaragoza,
_c2023
300 _a93 páginas
650 _aFilm studies
700 _aBuñuel, Luis
700 1 _a Xifra, Jordi
856 _uhttps://public.digitaliapublishing.com/a/127839
942 _cCF
999 _c63200
_d63200